000 00531nam a22002057i 4500
001 4073
003 OSt
005 20170126082327.0
007 tu
008 161220s1998 xxu||||| |||| 00| 0 d
024 7 _a4072
_2RID
040 _cOSt
084 _a10.53
_a19.2
_2z
100 1 _aRutkowski, Jan
245 0 0 _aWelfare and the Labor Market in Poland. Social Policy During Economic Transition
260 _aWashington :
_bWorld Bank,
_c1998.
300 _a95 S. ;
_c30cm.
490 _aWorld Bank Technical Paper
_v417
651 _aPoland
942 _cB
999 _c4003
_d4003